000 00969nas a2200313 4500
001 BR2015005174
003 BR-BrBNA
005 20231205125723.0
007 ta
008 230509b bl.|||p| |||| 00| 00por d
040 _aBR-BrBNA
_bpor
_cBiblioteca Nacional de Agricultura
041 _a(En, Pt)
072 _aF30; H20
100 1 _aMarchioro, W.S.
100 1 _aFranco, F. de A.
100 1 _aNora, T.D.
100 1 _aOliveira, E.F. de
100 1 _aSchuster, I.
100 1 _aEvangelista, A.
100 1 _aRocha, R. da
100 1 _aPolo, M.
245 1 _aCultivar release: cd 120 wheat cultivar, standard quality soft, for the Southern Region of Brazil
650 _aMELHORAMENTO GENÉTICO VEGETAL
650 _aTRIGO
650 _aPRODUÇÃO
773 0 _tCrop Breeding and Applied Biotechnology (Brazil)
_xISSN 1518-7853
_g(Dec 2011), v. 11(4) p. 375-378
_wBR2015005174
909 _a202311
_bLúcia
_c55
_dLúcia Elande
942 _2AGRIS
_n0
_cANA
999 _c245762
_d245762